Henry William Bigler : soldier, gold miner, missionary, chronicler, 1815-1900 /

Bibliographic Details
Main Author: Bishop, Michael Guy, 1951-
Format: eBook
Language:English
Published: Logan, Utah : Utah State University Press, 1998.
Subjects:
Online Access:Connect to the full text of this electronic book

MARC

Tag First Indicator Second Indicator Subfields
LEADER 00000cam a22000004a 4500
001 in00003396708
005 20190405194352.0
006 m d
007 cr |||||||nn|n
008 980529s1998 utu o d eng d
010 |z  98025354  
020 |a 9780874213058 
020 |z 0874212529 (cloth : acid-free paper) 
020 |z 0874212545 (pbk. : acid-free paper) 
020 |z 9780874216431 
035 |a (MdBmJHUP)muse9780874213058 
040 |a MdBmJHUP  |c MdBmJHUP  |d UtOrBLW 
043 |a n-usp--  |a n-us-ca  |a n-us-ut 
050 0 0 |a F593.B65  |b B57 1998 
082 0 0 |a 978/.02/092  |a B  |2 21 
100 1 |a Bishop, Michael Guy,  |d 1951- 
245 1 0 |a Henry William Bigler :  |b soldier, gold miner, missionary, chronicler, 1815-1900 /  |c M. Guy Bishop. 
264 1 |a Logan, Utah :  |b Utah State University Press,  |c 1998. 
300 |a 1 online resource (xiv, 208 pages :) :  |b illustrations, maps 
336 |a text  |b txt  |2 rdacontent 
337 |a computer  |b c  |2 rdamedia 
338 |a online resource  |b cr  |2 rdacarrier 
504 |a Includes bibliographical references (pages [191]-203) and index. 
588 |a Description based on print version record. 
500 |a Electronic resource. 
600 1 0 |a Bigler, Henry William,  |d 1815-1900. 
650 0 |a Mormon missionaries  |z West (U.S.)  |x Biography. 
650 0 |a Pioneers  |z West (U.S.)  |v Biography. 
651 0 |a Farmington (Utah)  |x Biography. 
651 0 |a California  |x Gold discoveries. 
655 7 |a Electronic books.  |2 local 
856 4 0 |u http://proxy.library.tamu.edu/login?url=http://muse.jhu.edu/books/9780874213058/  |z Connect to the full text of this electronic book  |t 0 
999 |a MARS 
999 f f |s cb660b24-d37f-3096-a13f-e7d05c0981eb  |i fbdb67b4-ff53-34c5-982c-1d1560c62959  |t 0 
952 f f |a Texas A&M University  |b College Station  |c Electronic Resources  |d Available Online  |t 0  |e F593.B65 B57 1998  |h Library of Congress classification 
998 f f |a F593.B65 B57 1998  |t 0  |l Available Online